000 00592nam a2200181Ia 4500
003 GCL
008 140319s9999 xx 000 0 ara d
040 _aGCL /
_cGCL
082 0 4 _aق
_b962.032
_bح ا
100 1 _aحبيب جاماتى
245 1 0 _aابراهيم فى الميدان /
_cحبيب جاماتى
260 _aالقاهرة :
_bادارة الهلال ،
_c1934
300 _a222 ص ؛
_c24 سم
650 0 4 _aالتاريخ الحربى
650 0 4 _aابراهيم باشا
650 0 4 _aمصر - تاريخ - العصر الحديث (1805 - 1956 )
942 _2ddc
_cBK
999 _c45716
_d45716